Observation of soft X-ray Cherenkov radiation in Be and Si foils; Journal of Instrumentation; Vol. 16, iss. 7

Bibliografiske detaljer
Parent link:Journal of Instrumentation
Vol. 16, iss. 7.— 2021.— [P07043, 14 p.]
Hovedforfatter: Uglov S. R. Sergey Romanovich
Corporate Authors: Национальный исследовательский Томский политехнический университет Физико-технический институт Кафедра прикладной физики (№ 12) Международная научно-образовательная лаборатория "Рентгеновская оптика", Национальный исследовательский Томский политехнический университет Исследовательская школа физики высокоэнергетических процессов
Andre forfattere: Vukolov A. V. Artem Vladimirovich
Summary:Title screen
Currently, most of the Cherenkov phenomenon researches for the X-ray region are theoretical studies; there are only a few experiments in this area. Here the new experimental results on observation of X-ray Cherenkov radiation generated by 5.7 MeV electrons in the thin Be and Si foils are presented. The Cherenkov effect from Be was observed for the first time. The experimental results are compared with the calculations performed according to the theoretical model of transition radiation taking into account the oxide layer on the target output surface.
Sprog:engelsk
Udgivet: 2021
Fag:
Online adgang:https://doi.org/10.1088/1748-0221/16/07/P07043
Format: MixedMaterials Electronisk Book Chapter
KOHA link:https://koha.lib.tpu.ru/cgi-bin/koha/opac-detail.pl?biblionumber=667744

MARC

LEADER 00000naa2a2200000 4500
001 667744
005 20250527124016.0
035 |a (RuTPU)RU\TPU\network\38955 
090 |a 667744 
100 |a 20220418d2021 k||y0rusy50 ba 
101 0 |a eng 
102 |a GB 
135 |a vrcn ---uucaa 
181 0 |a i  
182 0 |a b 
200 1 |a Observation of soft X-ray Cherenkov radiation in Be and Si foils  |f S. R. Uglov, A. V. Vukolov 
203 |a Текст  |c электронный 
300 |a Title screen 
320 |a [References: 35 tit.] 
330 |a Currently, most of the Cherenkov phenomenon researches for the X-ray region are theoretical studies; there are only a few experiments in this area. Here the new experimental results on observation of X-ray Cherenkov radiation generated by 5.7 MeV electrons in the thin Be and Si foils are presented. The Cherenkov effect from Be was observed for the first time. The experimental results are compared with the calculations performed according to the theoretical model of transition radiation taking into account the oxide layer on the target output surface. 
461 1 |0 (RuTPU)RU\TPU\network\25113  |t Journal of Instrumentation 
463 |t Vol. 16, iss. 7  |v [P07043, 14 p.]  |d 2021 
610 1 |a электронный ресурс 
610 1 |a труды учёных ТПУ 
610 1 |a interaction of radiation with matter 
610 1 |a Cherenkov and transition radiation 
610 1 |a X-ray generators and sources 
610 1 |a излучения 
610 1 |a черенковское взаимодействие 
610 1 |a рентгеновское излучение 
700 1 |a Uglov  |b S. R.  |c physicist  |c Leading Researcher of Tomsk Polytechnic University, Candidate of Physical and Mathematical Sciences  |f 1958-  |g Sergey Romanovich  |3 (RuTPU)RU\TPU\pers\31533  |9 15694 
701 1 |a Vukolov  |b A. V.  |c physicist  |c Research associate of Tomsk Polytechnic University, Candidate of physical and mathematical sciences  |f 1978-  |g Artem Vladimirovich  |3 (RuTPU)RU\TPU\pers\31209  |9 15405 
712 0 2 |a Национальный исследовательский Томский политехнический университет  |b Физико-технический институт  |b Кафедра прикладной физики (№ 12)  |b Международная научно-образовательная лаборатория "Рентгеновская оптика"  |3 (RuTPU)RU\TPU\col\19530 
712 0 2 |a Национальный исследовательский Томский политехнический университет  |b Исследовательская школа физики высокоэнергетических процессов  |c (2017- )  |3 (RuTPU)RU\TPU\col\23551 
801 2 |a RU  |b 63413507  |c 20220418  |g RCR 
850 |a 63413507 
856 4 |u https://doi.org/10.1088/1748-0221/16/07/P07043  |z https://doi.org/10.1088/1748-0221/16/07/P07043 
942 |c CF